| 000 | 01381cab a2200193 4500 | ||
|---|---|---|---|
| 001 | L129508 | ||
| 008 | 050426n2005 000 0 eng u | ||
| 035 | _a(Sirsi) u129508 | ||
| 041 | _aeng | ||
| 100 | _aErrington, Bill | ||
| 245 | 4 | _aThe Milton Keynes Intelligence Observatory | |
| 260 | _c2005 | ||
| 490 |
_aBURISA _v(163) March 2005, 4-11(8) |
||
| 520 | _aDescribes the development of the MKi (Milton Keynes Intelligence) Observatory formally launched in March 2005. The MKi Observatory is a web-based portal, which aims to be a one-stop-shop source of information about Milton Keynes and its surrounding area for use by the public and all local stakeholders and aims to serve the future growth of the city. Partner organisations are the prime providers of the shared data. The site uses the latest mapping and data analysis technologies and provides geosets on planning constraints, location of major facilities, the Milton Keynes local plan and the Milton Keynes primary database of housing proposals and the location and use of non-residential properties. It will provide a host of benefits to the research community concerned with information in an urban and regional context. | ||
| 590 | _aIKA290405 | ||
| 690 | _aENVIRONMENTAL AND LAND CONSULTANCY-PLANNING AND DEVELOPMENT-PLANNING GUIDANCE-LOCAL DEVELOPMENT PLANS | ||
| 700 | _aHassanali, Alefiyah | ||
| 942 | _n0 | ||
| 999 |
_c75136 _d75136 |
||